00969nam a2200229 a 450000100100000000500170001000800410002704000250006808200200009310000420011324500670015526000540022230000210027650000640029759000260036165000280038765000310041591000380044695201170048495201230060199900150072400000970920240412074212.0091001s1999 dr a r 001 p spa d aDO-SdBNPbspacBNPHU aRD861.44bC134r1 aCaimares Domínguez, Gregorio92460610aRelicario :bversos del alma /cGregorio Caimares Domínguez. a[Santo Domingo] :bTalleres de Fotomegraf,c1999. a159 p. ;c21 cm. aIncluye datos biográficos del autor en la contracubierta. aInventariado, 2018/BT 0aPoesía dominicana966 0aLiteratura dominicana.967 aValidado. Control de calidad. MFF 0010718PDaPDbPDcHDd2009-10-01iLF1l0oRD861.44 C134rp9709-10r2020-06-25w2020-06-25yLFPDZNo se presta 0010718PDaPDbPDcHDd2009-10-01iLF1l0oRD861.44 C134rp9709-20r2020-06-25te. 2w2020-06-25yLFPDZNo se presta c9469d9469